Groundwater and seepage

Αποθηκεύτηκε σε:
Λεπτομέρειες βιβλιογραφικής εγγραφής
Κύριος συγγραφέας: Harr, Milton Edward 1925-
Μορφή: Βιβλίο
Γλώσσα:English
Δημοσίευση: New York : McGraw-Hill, 1962
Θέματα:
Ετικέτες: Προσθήκη ετικέτας
Δεν υπάρχουν, Καταχωρήστε ετικέτα πρώτοι!

MARC

LEADER 00000nam a2200000 i 4500
001 1/11040
008 970724s1962 eng d
020 |z 07-026740-5 
035 |1 ΠΑΡ  |a 1997  |l 10018101 
040 |a GR-MY-UA  |b gre  |e aacr 
041 0 |a eng 
082 0 |a 551.49 
100 1 |a Harr, Milton Edward  |d 1925- 
245 1 0 |a Groundwater and seepage /  |c M. E. Harr 
260 |a New York :   |b McGraw-Hill,   |c 1962 
300 |a 315 p. 
504 |a Includes bibliographical references and index 
650 0 0 |a Groundwater flow. 
650 0 0 |a Seepage. 
852 |a INST  |b LESVOS  |e 19970724  |h 551.49 HAR  |p 005100010872  |q 005100010872  |t BK  |y 0 
909 |a Λ  |b 009424